[Event "Strange Badger"]
[Site "Bucharest ROM"]
[Date "2001.08.09"]
[Round "5"]
[White "Murariu,A"]
[Black "Jianu,V"]
[Result "0-1"]
[WhiteElo "2287"]
[BlackElo "2402"]

1.e4 c5 2.c3 Nf6 3.e5 Nd5 4.d4 cxd4 5.Nf3 Nc6 6.Bc4 Nb6 7.Bb3 g6 8.cxd4 Bg7
9.O-O d6 10.Bf4 dxe5 11.Nxe5 O-O 12.Nxc6 bxc6 13.Be5 Ba6 14.Re1 Bc4 15.Nd2 Bd5
16.Qe2 Re8 17.Rac1 Bh6 18.Rc3 f6 19.Bg3 Bxd2 20.Qxd2 Bxb3 21.axb3 Rc8 22.f3 Qd7
23.Bf2 Nd5 24.Rc5 Rb8 25.Qc2 Rb6 26.Rc1 Reb8 27.Bg3 R8b7 28.Qd2 Kg7 29.h4 Rxb3
30.Rxc6 Rxb2 31.R6c2 Rxc2 32.Rxc2 Rb6 33.Rc5 Rb5 34.Kh2 Qb7 35.Qa2 a6 36.Qc4 Rxc5
37.dxc5 Qc6 38.Be1 Ne3 39.Qc3 Nd5 40.Qc4 Nc7 41.Qc3 Ne6 42.Bf2 Qc7+ 43.g3 a5
44.Qa3 Nd8 45.Kg2 Nc6 46.Qb3 Qe5 47.Qc4 h5 48.Kf1 Qf5 49.Kg2 Ne5 50.Qc3 Nc6
51.Qb3 Kf8 52.Qc4 Ne5 53.Qd5 Qc8 54.Bd4 Nc6 55.Qc4 Qd7 56.Be3 Kg7 57.Qf4 Kf7
58.Qh6 Qd3 59.Qh7+ Ke8 60.Qg8+ Kd7 61.Bf2 a4 62.Qa8 Qb3 63.Be1 a3 64.Bc3 a2
65.Kh3 Qe6+ 66.Kg2 Qe2+ 67.Kg1 Qxf3 68.Qb7+ Ke8 69.Qa8+ Kd7 70.Qb7+ Ke6 71.Qb3+ Qd5
72.Qa3 Kf7 73.Bb2 Kg7 74.Qe3 Qd1+  0-1

[Event "7th Stage Russian Cup"]
[Site "Togliatty RUS"]
[Date "2001.08.10"]
[Round "3"]
[White "Krassilnikov,E"]
[Black "Grebionkin,Vl"]
[Result "1/2-1/2"]
[WhiteElo "2266"]
[BlackElo "2465"]

1.e4 c5 2.c3 Nf6 3.e5 Nd5 4.d4 cxd4 5.Nf3 Nc6 6.Bc4 Nb6 7.Bb3 d5 8.exd6 Qxd6
9.O-O Be6 10.Na3 Bxb3 11.Qxb3 Qd5 12.Nb5 Rc8 13.Nbxd4 Nxd4 14.Nxd4 e6 15.Rd1 Qxb3
16.axb3 a6 17.b4 Rd8 18.Bf4 Rd5 19.Nb3 Kd7 20.Be3 Nc4 21.Rxd5+ exd5 22.Na5 Nxe3
23.fxe3 Kc7 24.Rd1 b6 25.Nb3 Bd6 26.Rxd5 Re8 27.Kf2 g6 28.Rd1 h5 29.h3 h4
30.Kf3 Re5 31.Nd2 Be7 32.e4 Rg5 33.Nc4 b5 34.Ne3 Rg3+ 35.Kf2 Kc8 36.Ra1 Bd8
37.Nd5 Kb7 38.Rd1 a5 39.bxa5 Bxa5 40.Nf4 Kc6 41.Nd3 Kc7 42.Ne5 f6 43.Nf3 Bb6+
44.Kf1 g5 45.Nh2 Re3 46.Rd5 b4 47.Ng4 Rxe4 48.Rf5 bxc3 49.bxc3 Ra4 50.Rxf6 Ra1+
51.Ke2 Ra2+ 52.Kf3 Rc2 53.Rg6 Rxc3+ 54.Ke4 Rg3 55.Rxg5 Rxg2 56.Rh5 Kd8 57.Rxh4 Ke8
58.Rh7 Ba5 59.Kf5 Bc3 60.Rc7 Be1 61.Nf6+ Kf8 62.Rh7 Bc3 63.Ng4 Rg3 64.h4 Bg7
65.Kf4 Rb3 66.Rh5 Rb4+ 67.Kf3 Rb3+ 68.Kf4 Rb4+ 69.Kg3 Rb3+ 70.Kf2 Rb2+ 71.Kf1 Rb1+
72.Ke2 Rb2+ 73.Kd3 Rb3+ 74.Kc4 Ra3 75.Rg5 Ra4+ 76.Kd3 Ra3+  1/2-1/2

[Event "Lost Boys Open"]
[Site "Amsterdam NED"]
[Date "2001.08.11"]
[Round "2"]
[White "Afek,Y"]
[Black "Van Wely,L"]
[Result "0-1"]
[WhiteElo "2381"]
[BlackElo "2695"]

1.e4 c5 2.c3 Nf6 3.e5 Nd5 4.Nf3 Nc6 5.d4 cxd4 6.cxd4 d6 7.Nc3 dxe5 8.dxe5 Nxc3
9.Qxd8+ Nxd8 10.bxc3 Bd7 11.Rb1 Rc8 12.Be3 a6 13.Kd2 e6 14.Bd3 Bc5 15.Rhe1 Bxe3+
16.Rxe3 h6 17.Nd4 Rc7 18.Rb6 Bc6 19.Be4 Bxe4 20.Rxe4 Kd7 21.f4 g6 22.Re3 Rc5
23.Rd3 Kc7 24.Rd6 Ra5 25.Nc2 Rxa2 26.Rd7+ Kc8 27.Re7 g5 28.g3 Rg8 29.Rf3 gxf4
30.Rxf4 Nc6 31.Rexf7 Rd8+ 32.Kc1 Nxe5 33.Rf8 Nd3+ 34.Kb1 Rb2+ 35.Ka1 Rxc2
36.Rc4+ Nc5 37.Rxc5+ Kd7 38.Rxd8+ Kxd8 39.h3 Kd7 40.Kb1 Kd6 41.Rh5 Rxc3 42.g4 b5
43.Rxh6 a5 44.g5 a4 45.Rh8 Rg3 46.h4 Rg4 47.Kc2 Kc5 48.Kd3 a3 49.Kc3 b4+
50.Kb3 Rg3+ 51.Ka2 Rg2+ 52.Kb1 b3 53.Rc8+ Kb4 54.Rb8+ Kc3 55.Rc8+ Kd3 56.Rd8+ Ke2  0-1

[Event "Nordic Championships"]
[Site "Bergen NOR"]
[Date "2001.08.12"]
[Round "9"]
[White "Haugsdal,A"]
[Black "Andersen,P"]
[Result "1/2-1/2"]
[WhiteElo "2144"]
[BlackElo "2041"]

1.e4 c5 2.c3 Nf6 3.e5 Nd5 4.d4 cxd4 5.cxd4 e6 6.Nc3 Nxc3 7.bxc3 Qc7 8.Bd2 b6
9.f4 Ba6 10.Bxa6 Nxa6 11.Qe2 Qb7 12.Nf3 Rc8 13.O-O Nb8 14.Ng5 g6 15.Ne4 Be7
16.g4 Qd5 17.Rf3 Rg8 18.g5 Nc6 19.Re1 Nd8 20.Rh3 Rh8 21.Bc1 Qc4 22.Qg2 Qc6
23.Rh6 Kf8 24.Qh3 Kg8 25.Qg2 Nb7 26.f5 exf5 27.Nf6+ Bxf6 28.exf6 Qxg2+ 29.Kxg2 Nd6
30.Re7 Rd8 31.Bf4 Ne4 32.c4 b5 33.cxb5 Nc3 34.Bc7 Rc8 35.a4 Nd5 36.Be5 Nxe7
37.fxe7 f6 38.Bxf6 Kf7 39.d5 d6 40.Rh3 Rc2+ 41.Kf1 Rg8 42.Rxh7+ Ke8 43.Rh4 Kd7
44.a5 Rc5 45.Rb4 Rxd5 46.b6 axb6 47.axb6 Rb8 48.h4 f4 49.Kf2 f3 50.Kxf3 Rc5
51.h5 gxh5 52.Kg3 Rc6 53.b7 Rc7 54.Rh4 Rcxb7 55.Rxh5 Rg8 56.Kf4 Rb4+ 57.Kf5 Rb5+
58.Ke4 Rb4+ 59.Kf5 Rbb8 60.Rh7 Rb5+ 61.Kf4 Rb4+ 62.Kf5 Rb5+ 63.Kg4 Rb4+ 64.Kh5 Rb1
65.Kg4  1/2-1/2

[Event "FSIMB August"]
[Site "Budapest HUN"]
[Date "2001.08.12"]
[Round "9"]
[White "Kun,G"]
[Black "Seres,L"]
[Result "0-1"]
[WhiteElo "2274"]
[BlackElo "2427"]

1.e4 c5 2.c3 Nf6 3.e5 Nd5 4.d4 cxd4 5.Nf3 e6 6.cxd4 d6 7.Bc4 Be7 8.O-O O-O
9.Qe2 Bd7 10.Nbd2 dxe5 11.dxe5 Bc6 12.Ne4 Nd7 13.Rd1 Qc7 14.Neg5 h6 15.Nh3 Rfd8
16.Bb3 Bf8 17.Nf4 Ne7 18.Re1 Bxf3 19.gxf3 Nc5 20.Bc2 Nc6 21.Qe3 Rd7 22.a3 a5
23.b3 Nd4 24.Bd1 Be7 25.Nh5 Nf5 26.Qe2 Nd3 27.Bb2 Nxe1 28.Qxe1 Rc8 29.f4 Qb6
30.Bc3 Bc5 31.Ra2 Qc7 32.Bd2 b6 33.b4 axb4 34.axb4 Bd4 35.Kh1 Bc3 36.Bxc3 Qxc3
37.Qg1 Qc6+ 38.f3 Kf8 39.Rg2 Qc1 40.Rxg7 Rxd1  0-1

[Event "US Open"]
[Site "Framingham USA"]
[Date "2001.08.12"]
[Round "9"]
[White "Kelleher,W"]
[Black "Henry,R"]
[Result "1-0"]
[WhiteElo "2393"]
[BlackElo "2195"]

1.e4 c5 2.c3 Nf6 3.e5 Nd5 4.d4 cxd4 5.Nf3 Nc6 6.Bc4 Nb6 7.Bb3 d6 8.exd6 Qxd6
9.O-O e6 10.cxd4 Be7 11.Nc3 O-O 12.Ne4 Qd8 13.a3 Bd7 14.Qd3 Rc8 15.Bc2 g6
16.Bh6 Re8 17.b4 a6 18.Rfc1 Nd5 19.Bb3 Rc7 20.Nc5 Bc8 21.Re1 Bf6 22.Rad1 b6
23.Nxa6 Bxa6 24.Qxa6 Nc3 25.Rd3 Nxd4 26.Qxb6 Nde2+ 27.Kh1 Qxd3 28.Qxc7 Ne4
29.h3 Nxf2+ 30.Kh2 Nd4 31.Re3 Qf1 32.Nxd4 Bxd4 33.Qd7 Qh1+ 34.Kg3  1-0

[Event "TCh-ESP Div 2"]
[Site "Vila Real ESP"]
[Date "2001.08.13"]
[Round "1"]
[White "Muelas Cerezuela,J"]
[Black "Almagro Llanas,P"]
[Result "1/2-1/2"]
[WhiteElo "2138"]
[BlackElo "2272"]

1.e4 c5 2.c3 Nf6 3.e5 Nd5 4.d4 cxd4 5.cxd4 e6 6.Nf3 Be7 7.Bd3 Nc6 8.a3 Qb6
9.Be4 O-O 10.O-O d6 11.exd6 Bxd6 12.Nc3 Nce7 13.Qc2 Nf6 14.Bd3 h6 15.Be3 Ned5
16.Qd2 Ng4 17.Bc4 Ndxe3 18.fxe3 Qc7 19.h3 Nxe3 20.Qxe3 Qxc4 21.Ne5 Qc7 22.Rac1  1/2-1/2

[Event "Lost Boys Open"]
[Site "Amsterdam NED"]
[Date "2001.08.14"]
[Round "5"]
[White "Afek,Y"]
[Black "L'Ami,E"]
[Result "1/2-1/2"]
[WhiteElo "2381"]
[BlackElo "2275"]

1.e4 c5 2.c3 Nf6 3.e5 Nd5 4.Nf3 Nc6 5.Bc4 Nb6 6.Bb3 c4 7.Bc2 Qc7 8.Qe2 g5
9.e6 dxe6 10.Nxg5 Qe5 11.d4 cxd3 12.Bxd3 Qxe2+ 13.Kxe2 h6 14.Ne4 e5 15.f3 f5
16.Ned2 e6 17.Re1 Kf7 18.Kf1 Bd7 19.Nc4 Nxc4 20.Bxc4 Kf6 21.Be3 Ne7 22.Nd2 Ng6
23.Rad1 Bc6 24.Bf2 Be7 25.Bb3 b5 26.g3 Rhd8 27.f4 e4 28.Bd4+ Kf7 29.Kf2 Bf6
30.Nf1 Bxd4+ 31.Rxd4 Rxd4 32.cxd4 Ne7 33.Ne3 Rd8 34.Rd1 Kf6 35.a3 Rc8 36.Rc1 Rd8
37.Rd1 h5 38.Rd2 h4 39.g4 fxg4 40.Nxg4+ Kf5 41.Ne3+ Kxf4 42.Bxe6 Bd5  1/2-1/2

[Event "7th Stage Russian Cup"]
[Site "Togliatty RUS"]
[Date "2001.08.15"]
[Round "8"]
[White "Silivanov,S"]
[Black "Khismatullin,D"]
[Result "0-1"]
[WhiteElo "2316"]
[BlackElo "2446"]

1.e4 c5 2.c3 Nf6 3.e5 Nd5 4.Nf3 Nc6 5.Bc4 Nb6 6.Bb3 g6 7.O-O Bg7 8.Qe2 O-O
9.d4 cxd4 10.cxd4 d6 11.e6 d5 12.exf7+ Rxf7 13.Qe3 Nc4 14.Bxc4 dxc4 15.Ne5 Rf8
16.Nxc6 bxc6 17.Nc3 Qxd4 18.Qxe7 Bf5 19.Be3 Qf6 20.Qxf6 Bxf6 21.Rfd1 Rab8
22.Rd2 Rxb2 23.Rxb2 Bxc3 24.Rab1 Bxb2 25.Rxb2 Rd8 26.h3 Rd1+ 27.Kh2 a5 28.Rb6 Ra1
29.Rxc6 Bd3 30.Rf6 h5 31.Kg3 Rxa2 32.Kh4 a4 33.g4 hxg4 34.Bh6 Re2 35.hxg4 Re8
36.Ra6 Bc2 37.Ra7 Rc8 38.f4 c3 39.f5 gxf5 40.gxf5 Bb3 41.f6 c2 42.f7+ Bxf7
43.Rxa4 c1=Q 44.Bxc1 Rxc1 45.Rg4+ Kf8 46.Ra4 Ke7 47.Kg3 Be6 48.Ra3 Kf6 49.Re3 Bd5
50.Rd3 Ke5 51.Re3+ Be4 52.Kg4 Rc8 53.Ra3 Rg8+ 54.Kh5 Kf4 55.Ra6 Rg7 56.Rb6 Rg1
57.Kh6 Rh1+ 58.Kg7 Rh7+ 59.Kg8 Ra7 60.Rb8 Ke5 61.Re8+ Kf5 62.Kh8 Rd7 63.Rb8 Kg5
64.Rg8+ Kf6 65.Rf8+ Kg5 66.Rg8+ Bg6 67.Rg7 Rd6 68.Ra7 Kf6 69.Ra8 Bf7 70.Kh7 Rd3
71.Ra6+ Be6  0-1

[Event "TCh-ESP Div 2"]
[Site "Vila Real ESP"]
[Date "2001.08.15"]
[Round "3"]
[White "Piay Augusto,D"]
[Black "Gonzalez Galvan,J"]
[Result "1/2-1/2"]
[WhiteElo "2270"]
[BlackElo "2150"]

1.e4 c5 2.c3 Nf6 3.e5 Nd5 4.Nf3 Nc6 5.Bc4 Nb6 6.Bb3 d6 7.d4 cxd4 8.cxd4 dxe5
9.Nxe5 Nxe5 10.dxe5 Qxd1+ 11.Bxd1 Bd7 12.O-O Bc6 13.Nc3 e6 14.Be2 Bc5 15.Bf4 Nd5
16.Nxd5 Bxd5 17.Bb5+ Ke7 18.Rfd1 a6 19.Be2 Rac8 20.Bd2 Rhd8 21.Ba5 b6 22.Bc3 b5
23.Ba5 Rd7 24.Rac1 Bc4 25.Rxd7+ Kxd7 26.Bxc4 bxc4 27.Kf1 Kc6 28.Ke2 Kb5 29.Bc3 Bb4
30.Bd4 Rd8 31.Be3 Bc5 32.b3 Bxe3 33.bxc4+ Kc5 34.Kxe3 Rd4 35.Rb1 Rd7  1/2-1/2

[Event "WJun Women"]
[Site "Athens GRE"]
[Date "2001.08.16"]
[Round "1"]
[White "Kosintseva,T"]
[Black "Sperdokli,E"]
[Result "1/2-1/2"]
[WhiteElo "2390"]
[BlackElo "2141"]

1.e4 c5 2.c3 Nf6 3.e5 Nd5 4.d4 cxd4 5.Nf3 e6 6.cxd4 b6 7.Nc3 Nxc3 8.bxc3 Qc7
9.Bd2 Bb7 10.Bd3 d6 11.O-O Nd7 12.Bf4 Be7 13.Re1 g6 14.Re3 a6 15.Rc1 dxe5
16.Nxe5 Bd6 17.Bg3 Nxe5 18.Bxe5 Bxe5 19.Rxe5 O-O 20.Qd2 Rfd8 21.Qh6 Rd5 22.Rxd5 Bxd5
23.h4 Bc4 24.Bb1 Rd8 25.Qe3 Rd5 26.Rd1 Rh5 27.g3 Qc6 28.Be4 Qa4 29.Rd2 Bxa2
30.Bf3 Rb5 31.h5 Bd5 32.h6 Qa3 33.Qf4 Bxf3 34.Qxf3 Qf8 35.Qe3 Rh5 36.Rb2 b5
37.Ra2 Qxh6 38.Qxh6 Rxh6 39.Rxa6 Rh5 40.Kg2 Rd5 41.Kf3 Kg7 42.Ke3 Kf6 43.Ra7 h5
44.f4 g5 45.fxg5+ Rxg5 46.Kf3 Rf5+ 47.Kg2 Kg5 48.Ra8 e5 49.d5 e4 50.Re8 Rxd5
51.Rxe4 Rd2+ 52.Kh3 Rd3 53.Rb4 f5 54.c4 bxc4 55.Rxc4 Re3 56.Ra4 Re4 57.Ra8  1/2-1/2

[Event "Lost Boys Open"]
[Site "Amsterdam NED"]
[Date "2001.08.17"]
[Round "7"]
[White "Helvensteijn,D"]
[Black "Blokhuis,J"]
[Result "1/2-1/2"]
[WhiteElo "2191"]
[BlackElo "2341"]

1.e4 c5 2.c3 Nf6 3.e5 Nd5 4.d4 cxd4 5.cxd4 Nc6 6.Nc3 Nxc3 7.bxc3 d5 8.Bd3 g6
9.Be3 Bf5 10.Bxf5 gxf5 11.Ne2 e6 12.O-O b6 13.c4 dxc4 14.Qa4 Qd7 15.Qxc4 Na5
16.Qd3 Bg7 17.Rfd1 O-O-O 18.Nc3 Kb8 19.Rab1 Ka8 20.Qe2 Rb8 21.Nb5 Rhc8 22.Nd6 Rc7
23.f4 Bf8 24.d5 Bxd6 25.dxe6 fxe6 26.Rxd6 Qc8 27.Qf3+ Qb7 28.Qxb7+ Kxb7 29.Rxe6 Nc4
30.Bf2 Nd2 31.Rd1 Ne4 32.Rh6 Rd8 33.Re1 Rd2 34.Bh4 Rg7 35.g3 Rxa2 36.e6 Nd2
37.e7 Nf3+ 38.Kf1 Nxh2+ 39.Kg1 Nf3+ 40.Kf1 Nh2+  1/2-1/2

[Event "WJun"]
[Site "Athens GRE"]
[Date "2001.08.17"]
[Round "2"]
[White "Potkin,V"]
[Black "Franco Alonso,A"]
[Result "1/2-1/2"]
[WhiteElo "2530"]
[BlackElo "2332"]

1.e4 c5 2.c3 Nf6 3.e5 Nd5 4.Nf3 Nc6 5.d4 cxd4 6.cxd4 d6 7.Bc4 e6 8.O-O Be7
9.Qe2 O-O 10.Qe4 Qc7 11.Re1 Bd7 12.Bg5 Ncb4 13.Na3 Bc6 14.Bb5 a6 15.Bxc6 Nxc6
16.Nc4 dxe5 17.dxe5 h6 18.Bxe7 Qxe7 19.Rac1 Rfd8 20.a3 Rd7 21.g3 Rad8 22.Kg2 b5
23.Ncd2 Rc7 24.Nb3 Rdc8 25.Rc2 Nb8 26.Rec1 Rxc2 27.Rxc2 Rxc2 28.Qxc2 Qc7
29.Qc5 Nd7 30.Qd4 Qb6 31.Qd2 Qc7 32.Qd4 Ne7 33.a4  1/2-1/2

[Event "Open"]
[Site "Feffernitz AUT"]
[Date "2001.08.21"]
[Round "4"]
[White "Praznik,N"]
[Black "Krebs,J"]
[Result "1/2-1/2"]
[WhiteElo "2257"]
[BlackElo "2208"]

1.e4 c5 2.c3 Nf6 3.e5 Nd5 4.d4 cxd4 5.Nf3 Nc6 6.cxd4 d6 7.Bc4 Nb6 8.Bb3 dxe5
9.d5 Na5 10.Nc3 Nxb3 11.Qxb3 e6 12.Nxe5 exd5 13.Be3 Bd6 14.Qb5+ Bd7 15.Nxd7 Qxd7
16.O-O-O O-O-O 17.Qa5 Nc4 18.Qxa7 Nxe3 19.Qxe3 Rhe8 20.Qd3 Bc5 21.Rhf1 g6
22.Kb1 Kb8 23.Rd2 Bb4 24.Rc2 Bxc3 25.Rxc3 Qg4 26.Rfc1 Qxg2 27.Rc7 Qe4 28.Qxe4 Rxe4
29.Rxf7 Rc8 30.Rxh7 Rf4 31.Rd7 Rxf2 32.Rxd5 Rxc1+ 33.Kxc1 Rxh2 34.Rg5 Ka7
35.Rxg6 Rf2 36.Rd6 Rh2 37.Rd2 Rh6 38.b3 Rg6 39.Kb2 Kb6 40.Kc3 Rg3+ 41.Rd3 Rg4
42.b4 Kc6 43.a4 Rh4 44.Rg3 Rh6 45.Rg5 Kb6 46.Kb3 Rh8 47.a5+ Ka7 48.Rg6 Rh1
49.Rd6 Rc1 50.Ka4 Ra1+ 51.Kb5 Rc1 52.Rd7 Rc6 53.Rd4 Rc1 54.Rc4 Rh1 55.Re4 Rc1
56.Rd4 Rc2 57.Ka4 Rc1 58.Rd3 Rh1 59.Kb3 Rh4 60.Kc3 Rh8 61.Rd4 Kb8 62.Kc4 Rg8
63.Rd6 Rh8 64.Kc5 Rg8 65.Kb6 Rh8 66.b5 Rf8 67.Rd7 Rf6+ 68.Kc5 b6+ 69.axb6 Rh6
70.Rc7 Rh5+ 71.Kb4 Rh6 72.Ka5 Rh1 73.Rc4 Kb7 74.Rc7+ Kb8 75.Re7 Ra1+ 76.Kb4 Rb1+
77.Kc5 Rc1+ 78.Kd6 Rd1+ 79.Kc6  1/2-1/2

[Event "Rubinstein Open"]
[Site "Polanica Zdroj POL"]
[Date "2001.08.22"]
[Round "7"]
[White "Jakubiec,A"]
[Black "Zhigalko,A"]
[Result "1-0"]
[WhiteElo "2497"]
[BlackElo "2400"]

1.e4 c5 2.c3 Nf6 3.e5 Nd5 4.g3 d6 5.exd6 e6 6.Bg2 Bxd6 7.Nf3 Nc6 8.O-O O-O
9.d3 b6 10.Nbd2 Bb7 11.Nc4 Bc7 12.a4 a6 13.Re1 b5 14.Ncd2 h6 15.Nb3 Bb6 16.Nfd2 Nf6
17.Qe2 Na5 18.Bxb7 Nxb7 19.Nf3 Nd6 20.Ne5 Qc7 21.Nd2 Rfd8 22.Ndf3 Qb7 23.g4 Nd7
24.Bf4 Nxe5 25.Nxe5 Ne8 26.Bg3 Nf6 27.h4 Rf8 28.g5 hxg5 29.hxg5 Nd7 30.Nxf7 Rxf7
31.axb5 Nf8 32.bxa6 Rxa6 33.Rxa6 Qxa6 34.Qe4 Bd8 35.f4 Rd7 36.Bf2 Rxd3 37.f5 exf5
38.Qxf5 c4 39.Bc5 Rd6 40.Bxd6 Qxd6 41.Qe5 Qd2 42.Re2 Qd1+ 43.Kg2 Bb6 44.Qe4 Qg1+
45.Kh3 Qf1+ 46.Kg4 Qf7 47.Qf5 Nd7 48.Re6 Bc7 49.Qe4 Nf8 50.Qf5  1-0

[Event "WJun"]
[Site "Athens GRE"]
[Date "2001.08.23"]
[Round "7"]
[White "Flores,Di"]
[Black "Zufic,M"]
[Result "0-1"]
[WhiteElo "2425"]
[BlackElo "2289"]

1.e4 c5 2.c3 Nf6 3.e5 Nd5 4.d4 cxd4 5.Nf3 e6 6.cxd4 b6 7.Nc3 Nxc3 8.bxc3 Qc7
9.Bd2 Be7 10.Bd3 Ba6 11.Bxa6 Nxa6 12.Qe2 Nb8 13.Qe4 O-O 14.h4 Qc6 15.Qg4 f5
16.exf6 Bxf6 17.h5 Qd5 18.Ng5 Bxg5 19.Bxg5 Nc6 20.Rh3 Qf5 21.Qh4 h6 22.Bd2 Qf6
23.Qg3 Ne7 24.f3 Nd5 25.Rh4 Rac8 26.Rc1 Kh7 27.Rg4 Rf7 28.c4 Ne7 29.Rf4 Nf5
30.Qf2 e5 31.dxe5 Qxe5+ 32.Kf1 Nd6 33.Rd4 Rc6 34.Rd5 Qh2 35.Qd4 Nf5 36.Qg4 Ng3+
37.Kf2 Nh1+ 38.Kf1 Ng3+ 39.Kf2 Re6 40.Re1 Nh1+ 41.Kf1 Rfe7 42.Rxe6 Rxe6 43.f4 Ng3+
44.Kf2 Re2+ 45.Qxe2 Nxe2 46.Kxe2 Qxg2+ 47.Kd3 Qf1+ 48.Kc3 Qa1+ 49.Kd3 Qxa2
50.Bc3 Qb1+ 51.Kd2 Qf1 52.f5 Qf4+ 53.Kd3 Kg8 54.Bd4 Kf8 55.Kc3 d6 56.Kb3 Qf3+
57.Bc3 Ke7 58.Kc2 Qg2+ 59.Kb3 Kd7 60.Bb4 Qg3+ 61.Bc3 Kc6 62.Rd2 a6 63.Ra2 Kb7
64.Re2 Qf3 65.Re7+ Kc6 66.Rxg7 Qxf5 67.Rg1 Qxh5 68.Ra1 Kb7 69.Re1 Qf7 70.Rd1 b5
71.Rxd6 Qxc4+ 72.Kb2 b4 73.Bd2 h5 74.Rd7+ Kc6 75.Rd8 Kb5 76.Be3 Qc3+  0-1

[Event "VI Cup GM"]
[Site "Paks HUN"]
[Date "2001.08.23"]
[Round "6"]
[White "Kosanovic,G"]
[Black "Rajlich,V"]
[Result "1-0"]
[WhiteElo "2430"]
[BlackElo "2330"]

1.e4 c5 2.c3 Nf6 3.d3 Nc6 4.f4 d6 5.Nf3 g6 6.g3 Bg7 7.Bg2 O-O 8.O-O Rb8 9.Nh4 Nd7
10.Be3 b5 11.a3 a5 12.Nd2 b4 13.axb4 axb4 14.Qc1 Bb7 15.Nc4 Nb6 16.Nxb6 Qxb6
17.c4 Ra8 18.Rb1 Ra2 19.f5 Nd4 20.Rf2 Qa7 21.fxg6 hxg6 22.Bh6 Nb3 23.Qg5 Ra1
24.Bxg7 Rxb1+ 25.Bf1 Kxg7 26.Nf5+ Kg8 27.Nxe7+ Kg7 28.Qf6+ Kh7 29.Rf4 Rxf1+
30.Kxf1 Qa1+ 31.Kg2 g5 32.Nf5  1-0

[Event "Rubinstein Open"]
[Site "Polanica Zdroj POL"]
[Date "2001.08.23"]
[Round "8"]
[White "Zhigalko,S"]
[Black "Goj,A"]
[Result "1-0"]
[WhiteElo "2219"]
[BlackElo "2280"]

1.e4 c5 2.c3 Nf6 3.e5 Nd5 4.Nf3 e6 5.Bc4 Nb6 6.Bb3 d6 7.exd6 Nc6 8.d4 Qxd6
9.O-O c4 10.Bc2 Be7 11.Qe2 Bd7 12.Nbd2 Na5 13.Ne5 a6 14.Nxf7 Kxf7 15.Qh5+ g6
16.Qxa5 Rac8 17.Ne4 Qc7 18.Ng5+ Kf8 19.Re1 Nd5 20.Qxc7 Nxc7  1-0

[Event "Open"]
[Site "Feffernitz AUT"]
[Date "2001.08.24"]
[Round "7"]
[White "Jeric,S"]
[Black "Balzar,A"]
[Result "0-1"]
[WhiteElo "2327"]
[BlackElo "2362"]

1.e4 c5 2.c3 Nf6 3.e5 Nd5 4.Nf3 e6 5.Bc4 Nb6 6.Bb3 d5 7.d4 Bd7 8.O-O Qc7
9.Bc2 Nc6 10.Nbd2 cxd4 11.cxd4 Nb4 12.Bb1 Bb5 13.Re1 Rc8 14.a4 Bd3 15.a5 Nd7
16.Bxd3 Nxd3 17.Re3 Qxc1 18.Rxd3 Qxd1+ 19.Rxd1 Nb8 20.Rb3 Rc7 21.Ra1 Be7
22.Rc3 Kd7 23.Rxc7+ Kxc7 24.Kf1 Kd7 25.Ke2 Rc8 26.Ne1 Nc6 27.Nb3 Nb4 28.Kf3 Rc4
29.Ke3 Nc6 30.Nc2 Nb4  0-1

[Event "Open"]
[Site "Lisbon POR"]
[Date "2001.08.25"]
[Round "5"]
[White "Khamrakulov,I"]
[Black "Fargere,F"]
[Result "1-0"]
[WhiteElo "2485"]
[BlackElo "2201"]

1.e4 c5 2.c3 Nf6 3.e5 Nd5 4.d4 cxd4 5.cxd4 d6 6.Nf3 e6 7.Nc3 Nxc3 8.bxc3 Qc7
9.Bd2 Nd7 10.exd6 Bxd6 11.Bd3 O-O 12.Qe2 Nf6 13.O-O h6 14.Ne5 b6 15.a4 Bb7
16.f4 Nd5 17.Qe4 Nf6 18.Qe3 Kh8 19.c4 Rad8 20.h3 Ba8 21.a5 Qb7 22.Rf3 Qe7
23.Rg3 Nh5 24.Rg4 Nf6 25.Rh4 Nh7 26.Qg3 Qf6 27.axb6 axb6 28.Ra7 Be7 29.Rg4 Kg8
30.Rxe7 h5 31.Bxh7+ Kxh7 32.Rg5 Qxe7 33.Rxg7+ Kh8 34.Ng6+  1-0

[Event "zt 2.5"]
[Site "Mar del Plata ARG"]
[Date "2001.08.25"]
[Round "2"]
[White "Bauza,A"]
[Black "Pierrot,F"]
[Result "0-1"]
[WhiteElo "2290"]
[BlackElo "2425"]

1.e4 c5 2.c3 Nf6 3.e5 Nd5 4.d4 cxd4 5.Qxd4 e6 6.Bc4 Nc6 7.Qe4 d6 8.Nf3 dxe5
9.Nxe5 Nxe5 10.Qxe5 Qc7 11.Qe2 Nb6 12.Bb3 Bd7 13.Nd2 Bc6 14.Nf3 Bd6 15.Nd4 O-O
16.Nxc6 bxc6 17.h4 Rfd8 18.h5 Bf4 19.Qe4 Bxc1 20.Rxc1 Nd5 21.Bc2 Nf6 22.Qf3 h6
23.Rd1 Rxd1+ 24.Bxd1 Rd8 25.Rh4 Qe5+ 26.Qe3 Qa5 27.a3 Rd5 28.Be2 Nxh5 29.Rc4 Nf6
30.Rxc6 Re5 31.Qd3 g6 32.Ra6 Qc5 33.b4 Qc7 34.Qd4 Nd5 35.Rxa7 Qxc3+ 36.Qxc3 Nxc3
37.Kd2 Nxe2 38.b5 Nd4 39.b6 Rb5 40.b7 Kg7 41.a4 Rb3 42.a5 Nc6 43.Ra6 Nd8
44.Ra8 Nxb7 45.a6 Nd6 46.a7 Ra3  0-1

[Event "Rubinstein Open"]
[Site "Polanica Zdroj POL"]
[Date "2001.08.25"]
[Round "10"]
[White "Vysochin,S"]
[Black "Gritsak,O"]
[Result "0-1"]
[WhiteElo "2542"]
[BlackElo "2499"]

1.e4 c5 2.c3 Nf6 3.e5 Nd5 4.Nf3 Nc6 5.Na3 e6 6.Nc4 d6 7.exd6 Bxd6 8.Nxd6+ Qxd6
9.d4 cxd4 10.Nxd4 Qe5+ 11.Qe2 Qxe2+ 12.Nxe2 e5 13.g3 Bg4 14.Bg2 O-O-O 15.h3 Bh5
16.g4 Bg6 17.O-O Bd3 18.Re1 Rd7 19.Be3 Rhd8 20.Nc1 Nxe3 21.Rxe3 Bc4 22.Nb3 Rd1+
23.Re1 Rxa1 24.Rxa1 Kc7 25.Bf1 Bxb3 26.axb3 Rd2 27.Rb1 Ne7 28.Bc4 f6 29.Kf1 Ng6
30.Ke1 Rd6 31.b4 Nf4 32.Bf1 h5 33.gxh5 Nxh5 34.Rd1 Nf4 35.Rxd6 Kxd6 36.Kd2 g5
37.Ke3 f5 38.Kd2 e4 39.c4 b6 40.Kc3 Ne6 41.b5 f4 42.b4 f3 43.Kd2 Ke5 44.Kc3 Nf4
45.Kb3 e3  0-1

[Event "21st Open"]
[Site "Bratto ITA"]
[Date "2001.08.26"]
[Round "5"]
[White "Vancini,E"]
[Black "Valenti,G"]
[Result "1/2-1/2"]
[WhiteElo "2358"]
[BlackElo "2201"]

1.e4 c5 2.c3 Nf6 3.e5 Nd5 4.d4 cxd4 5.Nf3 e6 6.cxd4 d6 7.Nc3 Nxc3 8.bxc3 Qc7
9.Bd2 Nc6 10.Bd3 dxe5 11.O-O Be7 12.Re1 exd4 13.cxd4 Bd7 14.Rc1 Rc8 15.Ng5 Bxg5
16.Bxg5 Qd6 17.Re4 Ne7 18.Rxc8+ Nxc8 19.Bf4 Qd5 20.Qg4 Ne7 21.Qxg7 Rg8 22.Qf6 Rg6
23.Qh8+ Rg8 24.Qf6 Rg6 25.Qh8+ Rg8  1/2-1/2

[Event "Open"]
[Site "Lisbon POR"]
[Date "2001.08.26"]
[Round "6"]
[White "Jonkman,H"]
[Black "Stohl,I"]
[Result "1/2-1/2"]
[WhiteElo "2468"]
[BlackElo "2533"]

1.e4 c5 2.c3 Nf6 3.e5 Nd5 4.Nf3 Nc6 5.Bc4 Nb6 6.Bb3 c4 7.Bc2 d6 8.exd6 Qxd6
9.O-O Bg4 10.Re1 Ne5 11.Rxe5 Bxf3 12.Qe1 Bd5 13.b3 e6 14.Rg5 g6 15.bxc4 Nxc4
16.d3 Nb6 17.a4 Bc6 18.a5 Nd5 19.c4 Nb4 20.Qc3 Nxc2 21.Qxc2 Bg7 22.Bb2 Bxb2
23.Qxb2 Qxd3 24.Na3 O-O-O 25.h3 Qd2 26.Qf6 Qd4 27.Qxd4 Rxd4 28.Nb5 Bxb5 29.cxb5 Rhd8
30.Rc5+ Kb8 31.b6 Rd1+ 32.Rxd1 Rxd1+ 33.Kh2 axb6 34.axb6 Rd7 35.g4 f6 36.h4 h6
37.f4 Rh7 38.Kg3 h5 39.g5 f5 40.Re5 Re7 41.Kf3 Kc8 42.Ke3 Kd7 43.Rc5 Kd6
44.Kd4 Rd7 45.Kc4 Re7 46.Kd4 Rd7 47.Kc4 Re7  1/2-1/2

[Event "10th Open"]
[Site "Kavala GRE"]
[Date "2001.08.27"]
[Round "7"]
[White "Auth,R"]
[Black "Koyias,K"]
[Result "0-1"]
[WhiteElo "2064"]
[BlackElo "2285"]

1.e4 c5 2.c3 Nf6 3.e5 Nd5 4.d4 cxd4 5.cxd4 d6 6.exd6 e6 7.Nc3 Bxd6 8.Nf3 O-O
9.Bc4 Nxc3 10.bxc3 Nd7 11.Bd3 e5 12.Bxh7+ Kxh7 13.Ng5+ Kg8 14.O-O Be7 15.Ne4 exd4
16.cxd4 Nf6 17.Ng5 Bf5 18.Be3 Nd5 19.Nf3 Bg4 20.Qb3 Bxf3 21.gxf3 Qd7 22.Rab1 b6
23.Qd3 Rfe8 24.Rb5 a6 25.Rb3 Qh3 26.f4 Bd6 27.Qd1 Nxe3 28.fxe3 Rxe3 29.Rxb6 Rae8
30.Rb3 g5 31.Rxe3 Rxe3 32.Rf2 Bxf4 33.Kh1 Bg3 34.Re2 Qh5  0-1

[Event "Open"]
[Site "Lisbon POR"]
[Date "2001.08.27"]
[Round "7"]
[White "Khamrakulov,I"]
[Black "Gladyszev,O"]
[Result "1/2-1/2"]
[WhiteElo "2485"]
[BlackElo "2352"]

1.e4 c5 2.c3 Nf6 3.e5 Nd5 4.Nf3 Nc6 5.Bc4 Nb6 6.Bb3 g6 7.d4 cxd4 8.Ng5 d5
9.exd6 e6 10.Qf3 Ne5 11.Qg3 Bg7 12.Ne4 O-O 13.O-O f5 14.Bg5 Qd7 15.cxd4 Nc6
16.Nc5 Nxd4 17.Nxd7 Ne2+ 18.Kh1 Nxg3+ 19.fxg3 Bxd7 20.Nc3 Rfc8 21.Rae1 Nc4
22.g4 b5 23.gxf5 gxf5 24.Rf3 Rab8 25.Rg3 Kh8 26.Be3 Nxe3 27.Rgxe3 e5 28.Rf1 Rb6
29.g4 b4 30.Nd5 Rxd6 31.Ne7 Rd8 32.Nxf5 Rd2 33.Kg1 Bf8 34.Rxe5 Re8  1/2-1/2

[Event "Open"]
[Site "Lisbon POR"]
[Date "2001.08.27"]
[Round "7"]
[White "Jonkman,H"]
[Black "Sulskis,S"]
[Result "1-0"]
[WhiteElo "2468"]
[BlackElo "2573"]

1.e4 c5 2.c3 Nf6 3.e5 Nd5 4.Nf3 e6 5.Bc4 d6 6.d4 Nb6 7.Bd3 cxd4 8.cxd4 dxe5
9.dxe5 Bd7 10.O-O Bc6 11.Qe2 Be7 12.Nc3 O-O 13.Rd1 N8d7 14.Nd4 Qb8 15.Nxc6 bxc6
16.Bf4 Nd5 17.Bg3 Nxc3 18.bxc3 Nc5 19.Bc2 Qb5 20.c4 Qb4 21.h4 Rfd8 22.h5 Qc3
23.Rac1 Qa3 24.Bf4 Rab8 25.Rb1 Qc3 26.Rxb8 Rxb8 27.Be4 Nxe4 28.Qxe4 Bc5 29.h6 g6
30.Rd2 Rc8 31.g3 g5 32.Bxg5 Qxg3+ 33.Qg2 Qxg2+ 34.Kxg2 Kf8 35.Rd7 Rb8 36.Rc7 Ke8
37.Rxc6 Bb6 38.c5 Bd8 39.Bxd8 Kxd8 40.Ra6 Kc7 41.Rxa7+ Kc6  1-0

[Event "WJun"]
[Site "Athens GRE"]
[Date "2001.08.28"]
[Round "12"]
[White "Kose,S"]
[Black "Djukic,Ni"]
[Result "1-0"]
[WhiteElo "2217"]
[BlackElo "2374"]

1.e4 c5 2.c3 Nf6 3.e5 Nd5 4.d4 cxd4 5.cxd4 d6 6.Nf3 Nc6 7.Bc4 e6 8.O-O Be7
9.exd6 Qxd6 10.Nc3 Nf6 11.Nb5 Qd8 12.Bf4 O-O 13.Bc7 Qd7 14.Bg3 a6 15.Nc7 Ra7
16.d5 Na5 17.Rc1 Nxc4 18.Rxc4 exd5 19.Rc1 Bd8 20.Qd4 b6 21.Ne5 Qf5 22.Nc6 Rb7
23.Bd6 Qg6 24.Ne5 Qh6 25.Bxf8 Rxc7 26.Rxc7 Bxc7 27.Bb4 Be6 28.f4 Ne4 29.g3 a5
30.Rc1 Bd8 31.Nc6 Qf6 32.Bc3 Nxc3 33.bxc3 Qxd4+ 34.cxd4 Bf6 35.Rb1 g5 36.Rxb6 gxf4
37.gxf4 a4 38.Kg2 Kg7 39.Ra6 Bd7 40.Ne5 Bf5 41.Rxa4 Be4+ 42.Kg3 Be7 43.Ra7 Kf8
44.a4 h5 45.a5  1-0

[Event "Open"]
[Site "Lisbon POR"]
[Date "2001.08.29"]
[Round "9"]
[White "Afek,Y"]
[Black "Ferreira,P"]
[Result "1-0"]
[WhiteElo "2381"]
[BlackElo "2060"]

1.e4 c5 2.c3 Nf6 3.e5 Nd5 4.Nf3 e6 5.d4 cxd4 6.cxd4 Nc6 7.a3 d6 8.Bd3 dxe5
9.dxe5 Qc7 10.O-O Bd7 11.Qe2 Na5 12.Qd1 Rc8 13.Nc3 Nxc3 14.bxc3 Nc4 15.Re1 Be7
16.Qe2 Qc6 17.Bg5 b5 18.Nd4 Qc5 19.Bxe7 Kxe7 20.Qg4 Kf8 21.Qf4 h5 22.a4 a6
23.axb5 axb5 24.Bg6 Qe7 25.Ra7 Kg8 26.Bxf7+ Qxf7 27.Qxf7+ Kxf7 28.Rxd7+ Kg6
29.Nxe6 Rhe8 30.Nf4+ Kf5 31.Rf7+ Kg5 32.e6 Nd6 33.h4+ Kh6 34.Re5 g6 35.Rf6 Rg8
36.Rxh5+  1-0